000 02366nam a22003375a 4500
005 20090622162515.0
008 090324s2009 ii a b 001 0 eng
010 _aENG-94188
020 _a9780415544573
_c595.00
035 _aEN-77721
035 _aB-361810-815
037 _bDBAD / PUB
037 _bUppal Book Store
040 _adpl
_bEnglish
082 _a954.11
100 _aPanigrahi, D.N.
245 _aJammu and Kashmir, the cold war and the West /
_cby D.N. Panigrahi
260 _aNew Delhi
_bRoutledge
_c2009
270 _a912-915 Tolstory House, 15-17 Tolstoy Marg
_bNew Delhi
_e110001
300 _aix, 265p. :
_c23cm(Hb)
_bb&w photos
500 _aIncludes bibliographical references and index
942 _2ddc
_cEN
_mPAN
_h954.11
999 _c27784
_d27784